000 00959cam a22003135i 4500
001 3941905
003 EG-ScBUE
005 20230222071158.0
008 930414t1993 nyua f 001 0 eng d
020 _a0817455353
020 _a9780817455354
040 _aDLC
_beng
_erda
_cDLC
_dDLC
_dEG-ScBUE
082 0 4 _a771.32
_bJAC
_222
100 1 _aJacobs, Lou,
_cJr.,
_d1921-
_eauthor.
_938350
245 1 0 _aPoint and shoot :
_bhow to take great pictures with automatic cameras /
_cLou Jacobs.
264 1 _aNew York :
_bAmphoto,
_c[1993]
264 4 _cc1993
300 _a144 pages :
_bcolor illustrations ;
_c28 cm
336 _2rdacontent
_atext
_btxt
337 _2rdamedia
_aunmediated
_bn
338 _2rdacarrier
_avolume
_bnc
500 _aIncludes index.
650 7 _aElectric eye cameras.
_2BUEsh
650 7 _aPhotography.
_2BUEsh
651 _2BUEsh
653 _bCOMAME
_bGGEN
_cJune2015
_cAugust2015
655 _vReading book
942 _2ddc
_cBB
999 _c19653
_d19625